00999nam a2200265 i 4500003001000000005001700010007000300027008004100030020001500071040003500086041000800121082002700129245010800156264005200264300004000316336002700356337003300383338002800416650003800444650004100482651005400523651004800577651006400625700004400689CO-BoRNBP20220317000538.0ta200326s1999 ck gr 000 0 spa d a9588052335 aCO-BoRNBPbspaerdacCO-BoRNBP aspa04a306.0986151bC65c222300aConstrucción territorial en el Chocó, 2bhistorias localesccompilación Patricia Vargas Sarmiento 1aBogotá, ColombiabMinisterio de Culturac1999 a178 páginasbilustracionesc22 cm atextobtxt2rdacontent asin mediaciónbn2rdamedia avolumenbnc2rdacarrier17aHistoria socialzColombia2ARMARC17aProblemas socialeszColombia2ARMARC 4aChocó (Colombia : Departamento)xColonización 4aChocó (Colombia : Departamento)xHistoria 4aChocó (Colombia : Departamento)xVida social y costumbres1 aVargas Sarmiento, Patriciaecompiladora